Personnages Haikyuu - Statistiques

Statistiques générales
  • Ce quiz a été pris 322 fois
  • Le résultat moyen est 23 sur 49
Statistiques - réponses
Hint Réponse % Correct
1 Hinata Shoyo
100%
3 Tobio Kageyama
99%
4 Yuu Nishinoya
91%
10 Sawamura Daichi
88%
7 Kei Tsukishima
85%
9 Sugawara Kōshi
82%
31 Oikawa Tooru
81%
24 Kozume Kenma
79%
17 Azumane Asahi
77%
23 Kūroo Tetsurō
77%
8 Yamaguchi Tadashi
76%
18 Kotaro Bokuto
67%
15 Keishin Ukai
64%
32 Iwaizumi Hajime
62%
19 Keiji Akaashi
61%
25 Lev Haiba
61%
42 Atsumu Miya
59%
43 Osamu Miya
58%
36 Ushijima Wakatoshi
57%
37 Satori Tendō
54%
14 Yachi Hitoka
52%
13 Kyoko Shimizu
49%
11 Ennoshita Chikara
48%
27 Yaku Morisuke
47%
45 Rintarō Suna
46%
44 Shinsuke Kita
41%
16 Takeda
40%
35 Yūtarō Kindaichi
39%
34 Kunimi Akira
38%
28 Taketora Yamamoto
36%
47 Kiyoomi Sakusa
34%
12 Narita Kazuhito
34%
41 Eita Semi
33%
46 Ojiro Alan
33%
38 Tsutomu Goshiki
33%
39 Kenjiro Shirabu
26%
20 Konoha Akinori
26%
33 Kyōtani Kentaro
24%
2 Natsu Shoyo
24%
6 Saeko Tanaka
20%
48 Motoya Komori
15%
30 Shōhei Fukunaga
14%
5 Ryuunosuke Tanaka
13%
40 Reon Ohira
12%
49 Tenma Udai
10%
21 Komi Haruki
8%
29 Akane Yamamoto
3%
22 Sarukui Yamato
3%
26 Arisa Haiba
1%
Aucun quiz correspondant
Distribution des résultats
% des personnes avec chaque résultat
Percentile par nombre de réponses
Votre historique - résultats
Vous n’avez pas pris ce quiz